000 00621nam a2200193Ia 4500
008 130821s1971 mx gr spa
040 _aCo-BoUCM
_bspa
041 _aspa
100 _aContreras Granguillhome, Jesús
_9116555
245 3 _aEl panafricanismo, evolución y perspectiva
_cJesús Contreras Granguillhome
260 _aMéxico D.F. (México)
_bUnam
_c1971
300 _a385 páginas
490 _aSerie Estudios ; 17
650 0 4 _aHistoria
_97695
651 _aÁfrica
_926728
651 _aÁfrica
_xHistoria
_962883
942 _cLIBRO
_a21
_e1
_mC65PL
_2DEWEY
_h960
999 _c16329
_d16329